| 000 | 00390nam a2200157Ia 4500 | ||
|---|---|---|---|
| 008 | 230917s9999||||xx |||||||||||||| ||und|| | ||
| 020 | _cRS250 | ||
| 040 |
_e8553 _aMAIN |
||
| 041 | _aEnglish | ||
| 082 | _a327.116 J31P | ||
| 100 | _aJasjit Singh | ||
| 245 | 0 | _aDevelopment in Asia-Pacific region | |
| 260 |
_aNew Delhi _bLancer International _c1989 |
||
| 300 | _avi, 291 p. | ||
| 942 | _cBK | ||
| 999 |
_c95130 _d95130 |
||